Riconosci il Pokémon - Quiz n°45 - Statistics

Statistiche generali
  • Questo quiz è stato fatto 11 volte
  • Il punteggio medio è 8 su 10
Statistiche sulle risposte
Indizio Risposta % Corretto
Generazione Settima
100%
Tipo Acqua / Folletto
91%
Altezza 1,8 m
82%
Peso 44 kg
82%
Tasso di cattura 45 (11.9%)
82%
Sesso 87.5% ♂, 12.5% ♀
82%
Abilità Acquaiuto; Idrovoce
82%
Tasso di allevamento Medio-Lento
82%
Stadio evoluzione Seconda evoluzione
82%
Pokémon Primarina
73%
Nessun quiz corrispondente trovato
Distribuzione punteggi
Percentuale di utenti per punteggio
Percentile per numero di risposta
I tuoi punteggi nel tempo
Non hai fatto questo quiz